[Event "Dortmund"]
[Site "?"]
[Date "1999.??.??"]
[Round "?"]
[White "Kramnik, Vladimir"]
[Black "Anand, V."]
[Result "1/2-1/2"]
[WhiteElo "2760"]
[BlackElo "2770"]
[PlyCount "37"]
[EventDate "1999.??.??"]
[Source "Chess Informant"]
[SourceDate "1999.06.01"]

1. d4 Nf6 2. c4 e6 3. Nc3 Bb4 4. Qc2 d5 5. a3 Bxc3+ 6. Qxc3 Ne4 7. Qc2 c5 8. dxc5 Nc6 9. cxd5 exd5 10. Nf3 Bf5 11. b4 d4 12. g4 Bg6 13. Qc4 d3 14. Bg2 Qf6 15. Ra2 Ne5 16. Qb5+ Nc6 17. Qc4 Ne5 18. Qb5+ Nc6 19. Qc4 1/2-1/2

[Event "49. TCh-ESP Honor 1"]
[Site "?"]
[Date "2005.08.28"]
[Round "5"]
[White "Macieja Bartlomiej"]
[Black "Aronian Levon"]
[Result "0-1"]
[WhiteElo "2593"]
[BlackElo "2724"]
[PlyCount "167"]
[EventDate "2005.??.??"]
[Source "www.chesslib.no"]
[SourceDate "2004.05.04"]

1. d4 Nf6 2. c4 e6 3. Nc3 Bb4 4. Qc2 d5 5. a3 Bxc3+ 6. Qxc3 Ne4 7. Qc2 c5 8. dxc5 Nc6 9. cxd5 exd5 10. Nf3 O-O 11. b4 Bf5 12. Bb2 Re8 13. Rd1 b6 14. e3 bxc5 15. Bb5 Re6 16. Qb3 Ne7 17. Be2 Bg4 18. h3 Bh5 19. O-O Rb8 20. Ba1 Qf8 21. Qa4 Rg6 22. Rfe1 Bxf3 23. Bxf3 Ng5 24. Bg4 h5 25. Bxh5 Nxh3+ 26. Kf1 Rh6 27. Bf3 Ng5 28. Bxd5 cxb4 29. axb4 Rh1+ 30. Ke2 Rh4 31. f4 Nxd5 32. Rxd5 Ne4 33. b5 Re8 34. Kf3 f6 35. Rd4 Nc5 36. Qxa7 Ne6 37. Rdd1 Qb4 38. Bd4 Qxb5 39. Qa2 Qf5 40. Kf2 Rc8 41. Rc1 Rxc1 42. Rxc1 Kh7 43. Qc2 Nxd4 44. exd4 Rxf4+ 45. Ke3 Kg6 46. Qxf5+ Rxf5 47. Rc2 Ra5 48. Ke4 f5+ 49. Kf4 Rd5 50. Rc6+ Kh5 51. Rc5 Rxd4+ 52. Kxf5 Rg4 53. Rc8 g6+ 54. Kf6 Rf4+ 55. Kg7 g5 56. Rc3 Ra4 57. Kf6 Kg4 58. Re3 Ra2 59. Re5 Ra6+ 60. Re6 Ra8 61. Re5 Rf8+ 62. Kg7 Ra8 63. Kf6 Rg8 64. Kf7 Rh8 65. Kg6 Rg8+ 66. Kf7 Ra8 67. Kf6 Rf8+ 68. Kg7 Rb8 69. Kf6 Rb6+ 70. Re6 Rb3 71. Re4+ Kh5 72. Re2 Kh4 73. Kf5 g4 74. Kf4 Rb4+ 75. Kf5 Kg3 76. Ra2 Rb5+ 77. Ke4 Rb8 78. Kf5 Kh4 79. Ra3 Rf8+ 80. Ke4 Rf2 81. g3+ Kh3 82. Rb3 Kg2 83. Ra3 Rf3 84. Kd4 0-1

[Event "Ukrainian Games"]
[Site "Evpatoria (Ukraine)"]
[Date "2007.05.25"]
[Round "7"]
[White "Miroshnichenko Evgenij (UKR)"]
[Black "Moiseenko Alexander (UKR)"]
[Result "1/2-1/2"]
[WhiteElo "2646"]
[BlackElo "2630"]
[PlyCount "27"]
[EventDate "2007.??.??"]
[Source "www.chesslib.no"]
[SourceDate "2004.05.04"]

1. d4 Nf6 2. c4 e6 3. Nc3 Bb4 4. Qc2 d5 5. a3 Bxc3+ 6. Qxc3 Ne4 7. Qc2 c5 8. dxc5 Nc6 9. Nf3 Qa5+ 10. Bd2 Qxc5 11. e3 Nxd2 12. Qxd2 dxc4 13. Qc3 O-O 14. Bxc4 1/2-1/2

[Event "Clichy"]
[Site "?"]
[Date "1993.??.??"]
[Round "?"]
[White "Gurevich, M."]
[Black "Sokolov, A."]
[Result "0-1"]
[WhiteElo "2610"]
[BlackElo "2555"]
[PlyCount "80"]
[EventDate "1993.??.??"]
[Source "ChessBase"]
[SourceDate "1993.06.01"]

1. d4 Nf6 2. c4 e6 3. Nc3 Bb4 4. Qc2 d5 5. a3 Bxc3+ 6. Qxc3 Ne4 7. Qc2 c5 8. dxc5 Nc6 9. cxd5 exd5 10. Nf3 Bf5 11. b4 O-O 12. Bb2 b6 13. b5 bxc5 14. bxc6 Rb8 15. Nd2 d4 16. Nxe4 Bxe4 17. Qd2 Qb6 18. Bc1 c4 19. c7 Rb7 20. f3 Bg6 21. h4 h5 22. g4 c3 23. Qf4 d3 24. exd3 Re8+ 25. Be2 Rxc7 26. Kf1 Rce7 27. Rh2 Rxe2 28. Rxe2 Bxd3 29. Raa2 Qe6 30. Kf2 Bxe2 31. Qe3 Qc6 32. Qf4 Bc4 33. Ra1 Re2+ 34. Kg3 Qc5 35. Be3 Qxe3 36. Qxe3 Rxe3 37. Rc1 Bd5 38. gxh5 Rxf3+ 39. Kg4 Rd3 40. h6 gxh6 0-1

[Event "Corr"]
[Site "?"]
[Date "1999.06.30"]
[Round "?"]
[White "Kluve Siegfried (GER)"]
[Black "Rittner Horst Robert (GER)"]
[Result "1-0"]
[WhiteElo "2550"]
[BlackElo "2601"]
[PlyCount "103"]
[EventDate "1999.??.??"]
[Source "www.chesslib.no"]
[SourceDate "2004.05.04"]

1. d4 Nf6 2. c4 e6 3. Nc3 Bb4 4. Qc2 d5 5. a3 Bxc3+ 6. Qxc3 Ne4 7. Qc2 c5 8. dxc5 Nc6 9. cxd5 exd5 10. Nf3 Bf5 11. b4 O-O 12. Qb2 d4 13. b5 Qa5+ 14. Bd2 Nxd2 15. Nxd2 Rab8 16. Rc1 Ne5 17. Qxd4 Rfe8 18. e3 Bd3 19. Qb4 Qc7 20. Rc3 Qd7 21. Nf3 Bxf1 22. Kxf1 Qd1+ 23. Ne1 Rbd8 24. Qb3 Qa1 25. Ke2 Rd1 26. Qxd1 Qxc3 27. Qc2 Qxa3 28. Nf3 Nxf3 29. Kxf3 Qb4 30. Rb1 Qh4 31. g3 Qxh2 32. c6 Qh5+ 33. Kg2 Rc8 34. Rd1 Qxb5 35. c7 Qe8 36. Qc5 h6 37. Kg1 Kh7 38. Qf5+ g6 39. Qf6 Rxc7 40. Rd8 Rc1+ 41. Kh2 Rc6 42. Qd4 Qxd8 43. Qxd8 Rb6 44. Qf8 Rf6 45. f4 g5 46. e4 gxf4 47. g4 f3 48. e5 Rf4 49. e6 f2 50. exf7 Rxg4 51. Qe7 f1=N+ 52. Kh3 1-0

[Event "Russia"]
[Site "?"]
[Date "1997.??.??"]
[Round "?"]
[White "Sakaev, K."]
[Black "Loginov, Va"]
[Result "1/2-1/2"]
[WhiteElo "2580"]
[BlackElo "2555"]
[PlyCount "65"]
[EventDate "1997.??.??"]
[Source "ChessBase"]
[SourceDate "1997.02.01"]

1. d4 Nf6 2. c4 e6 3. Nc3 Bb4 4. Qc2 d5 5. a3 Bxc3+ 6. Qxc3 Ne4 7. Qc2 c5 8. dxc5 Nc6 9. cxd5 exd5 10. Nf3 O-O 11. b4 Bf5 12. Bb2 Re8 13. Rd1 b6 14. e3 bxc5 15. Bb5 Qb6 16. Bxc6 Qxc6 17. Nd4 Qg6 18. Nxf5 Qxf5 19. bxc5 Rac8 20. O-O Rxc5 21. Qa4 Rec8 22. Qxa7 Rc2 23. Qd4 f6 24. Rc1 h5 25. Qd1 Nxf2 26. Qf3 Qxf3 27. gxf3 Nh3+ 28. Kh1 Nf2+ 29. Rxf2 Rxc1+ 30. Bxc1 Rxc1+ 31. Kg2 Ra1 32. Rd2 Rxa3 33. Rxd5 1/2-1/2

[Event "St Petersburg-ch"]
[Site "St Petersburg"]
[Date "1996.??.??"]
[Round "6"]
[White "Ivanov, Sergey"]
[Black "Epishin, Vladimir"]
[Result "1/2-1/2"]
[WhiteElo "2515"]
[BlackElo "2620"]
[PlyCount "120"]
[EventDate "1996.04.??"]
[Source "ChessBase"]

1. d4 Nf6 2. c4 e6 3. Nc3 Bb4 4. Qc2 d5 5. a3 Bxc3+ 6. Qxc3 Ne4 7. Qc2 c5 8. dxc5 Nc6 9. cxd5 exd5 10. Nf3 Qa5+ 11. Bd2 Qxc5 12. Qxc5 Nxc5 13. Rd1 Be6 14. e3 O-O 15. Bb5 Rfd8 16. O-O Rac8 17. Bc3 a6 18. Be2 h6 19. h3 Rd7 20. Bd4 Nb3 21. Bb6 Ne7 22. Nd4 Nxd4 23. Bxd4 Nf5 24. Bc3 Nd6 25. Bd3 f6 26. f3 Kf7 27. Rfe1 Rdc7 28. Kf2 Rc6 29. Re2 Nc4 30. Bd4 Nd6 31. a4 Rc1 32. Rxc1 Rxc1 33. Rc2 Rxc2+ 34. Bxc2 Bf5 35. Bb3 Nc4 36. e4 Be6 37. exd5 Bxd5 38. Bc2 Ke6 39. h4 Na5 40. Bh7 Kd6 41. b4 Nb3 42. Bc3 b6 43. Ke3 a5 44. bxa5 bxa5 45. Kf4 Be6 46. h5 Bd7 47. Bg8 Nc5 48. Bxa5 Bxa4 49. Bb4 Bd7 50. Ke3 Kc6 51. Kd4 Ne6+ 52. Bxe6 Bxe6 53. Bf8 Bf7 54. Bxg7 Bxh5 55. Bxf6 Bg6 56. Bg7 h5 57. Ke5 Kd7 58. Kf6 Bd3 59. Kg5 Bf1 60. g3 Be2 1/2-1/2

[Event "New York op"]
[Site "New York"]
[Date "1998.03.17"]
[Round "4"]
[White "Atalik, Suat"]
[Black "Shaked, Tal"]
[Result "1/2-1/2"]
[WhiteElo "2595"]
[BlackElo "2535"]
[PlyCount "28"]
[EventDate "1998.03.16"]
[Source "ChessBase"]
[SourceDate "1998.06.15"]

1. d4 Nf6 2. c4 e6 3. Nc3 Bb4 4. Qc2 d5 5. a3 Bxc3+ 6. Qxc3 Ne4 7. Qc2 e5 8. cxd5 Qxd5 9. e3 exd4 10. Nf3 Nd6 11. Nxd4 Bd7 12. Bd2 Nc6 13. Be2 Bf5 14. Qc1 Ne4 1/2-1/2

[Event "Dubai op"]
[Site "Dubai"]
[Date "2002.04.24"]
[Round "8"]
[White "Kiriakov, Petr"]
[Black "Turov, Maxim"]
[Result "1/2-1/2"]
[WhiteElo "2552"]
[BlackElo "2533"]
[PlyCount "52"]
[EventDate "2002.04.15"]
[Source "ChessBase"]
[SourceDate "2002.05.03"]

1. d4 Nf6 2. c4 e6 3. Nc3 Bb4 4. Qc2 d5 5. a3 Bxc3+ 6. Qxc3 Ne4 7. Qc2 c5 8. dxc5 Nc6 9. cxd5 exd5 10. Nf3 Bf5 11. b4 O-O 12. Bb2 a5 13. b5 Ne7 14. Nd4 Rc8 15. e3 Rxc5 16. Qb3 Qb6 17. f3 Nd6 18. Be2 Nc4 19. Kf2 Qh6 20. a4 Nxb2 21. Qxb2 Rfc8 22. Ra3 Bd7 23. Bd3 Ng6 24. Ne2 Qg5 25. Qd4 Ne5 26. Rd1 Qf6 1/2-1/2